000 01269nam0a22002771 4500
001 v19\rc\1994095
005 20260406185745.0
035 _a(NLR Aleph) 005070551
090 _a7091023
_c7091023
100 _a20080811d1914 u y0rusy50 ca
101 0 _arus
102 _aRU
105 _ay z |||||
200 1 _aПротокол общего собрания врачей выпуска 1903 года Университета св. Владимира и положения о капитале их имени
210 _aКиев
_d1914
215 _a15 с.
_d22
300 _aНа тит. л. перед загл.: На память об окончании Университета св. Владимира. 1903-1913; на обл.: На память о десятилетии окончания Университета св. Владимира врачами выпуска 1903 г.
710 0 2 _aУниверситет св. Владимира
_cКиев
_bОбщее собр. врачей выпуска 1903
_3RU\NLR\AUTH\889951469
_9398894
801 0 _aRU
_bNLR
_gpsbo
801 0 _aRU
_bRuMoRGB
_2psbo
801 1 _aRU
_bProSoft-M
_2rusmarc
852 _aNLR
_j37.54.7.131
899 _aRuMoRGB
_jV 121/1021
899 _aБАН
942 _cBOOK
980 _aNB